| 000 | 00436cam a2200181ua 4500 | ||
|---|---|---|---|
| 001 | 3270 | ||
| 008 | 111014n ii |||gr||||Z||||||asm | ||
| 040 | _cMAIN | ||
| 082 | _a891.4513 | ||
| 100 | _aBardoloi, Rajani Kanta, | ||
| 245 | 1 | 1 |
_aMiri jiyari _cby Rajani Kanta Bardoloi |
| 250 | _a1st. | ||
| 260 |
_aGuahati: _bSahitya Prakash,993. |
||
| 300 |
_a74p: _c223cm. |
||
| 653 | _aAssamese novel | ||
| 653 | _aMiri jiyari | ||
| 942 | _cBK | ||
| 999 |
_c3115 _d3115 |
||